| 000 | 00630nam a2200181 a 4500 | ||
|---|---|---|---|
| 005 | 20140412111411.0 | ||
| 008 | 070221s19uu xx 00 eng d | ||
| 020 | _a978-971-92995-5-4 | ||
| 050 |
_aTR(GS 332.024 _bCOL 2006 |
||
| 100 | _aColaco, Francisco | ||
| 245 |
_aMoney for kids(pera mo palaguin mo!) / _cFrancisco J. Colayco. |
||
| 260 |
_aPhilippines : _bColayco foundation for education Inc, _c2006. |
||
| 300 | _a777 | ||
| 520 | _aA parent/ teacher's guide to financial literacy for kids | ||
| 650 | _aChildren-Finance,Personal-Juvenile literature | ||
| 650 | _aChild consumer-Juvenile literature | ||
| 999 |
_c105699 _d105699 |
||